| 000 | 02708cam a2200349Mi 4500 | ||
|---|---|---|---|
| 001 | a40536528 | ||
| 003 | SIRSI | ||
| 005 | 20250826095639.0 | ||
| 006 | m o d | ||
| 007 | cr ||||||||||| | ||
| 008 | 211203s2022 njua fob 001 0 eng d | ||
| 010 | _a 2021046901 | ||
| 015 |
_aGBC262403 _2bnb |
||
| 016 | 7 |
_a020486099 _2Uk |
|
| 020 | _a9781119841623 | ||
| 035 | _a(OCoLC)1310433101 | ||
| 037 |
_a9781119841630 _bWiley |
||
| 037 |
_a9781119841623 _bO'Reilly Media |
||
| 040 |
_aUKAHL _beng _erda _cUKAHL _dUKMGB _dORMDA _dOCLCF _dUtOrBLW |
||
| 041 | _aEnglish | ||
| 050 | 4 | _aHG4026 | |
| 100 |
_aVernimmen, Pierre _eauthor. _4http://id.loc.gov/vocabulary/relators/aut _0http://id.loc.gov/authorities/names/n50013928 _91931 |
||
| 245 | 1 | 0 |
_aCorporate finance _b: theory and practice. |
| 250 |
_aSixth edition / _bPascal Quiry, Yann Le Fur, Pierre Vernimmen. |
||
| 264 | 1 |
_aHoboken : _bJohn Wiley & Sons, Inc., _c2022. |
|
| 504 | _aIncludes bibliographical references and index. | ||
| 520 | _aGet a distinctly European take on corporate finance The newly revised Sixth Edition of Corporate Finance: Theory and Practice delivers a uniquely European perspective on the foundations and latest trends in corporate finance, including the marked shifts brought about by sustainability, environmental, and social concerns. Containing updated statistics and graphs, the book covers the latest innovations in financial practice, like the rise of private equity investment, the continuous decline in listed companies, and the dramatic surge of sustainability-linked financing products. Readers get access to an accompanying website that offers regularly updated statistics, graphs, and charts, direct email access to the authors, quizzes, case studies, articles, and more. The book also includes: A balanced blend of theory and practice from an author team with a presence in academia and business Access to The Vernimmen.com Newsletter, which provides monthly updates on corporate finance to over 60,000 subscribers Ideal for students studying corporate finance as part of an MBA or a master's level programme in Finance, Corporate Finance: Theory and Practice is also required reading for practicing professionals in the UK and continental Europe seeking a distinctly European treatment of a critically important subject. | ||
| 650 | 0 |
_aCorporations _xFinance _0http://id.loc.gov/authorities/subjects/sh85032938 _9378 |
|
| 700 |
_aQuiry, Pascal _eauthor. _4http://id.loc.gov/vocabulary/relators/aut _0http://id.loc.gov/authorities/names/n2002119251 _91932 |
||
| 700 |
_aLe Fur, Yann _eauthor. _4http://id.loc.gov/vocabulary/relators/aut _0http://id.loc.gov/authorities/names/n2002119254 _91930 |
||
| 942 | _2lcc | ||
| 999 |
_c4861 _d4861 |
||